000 00257nam a22000977a 4500
999 _c11631
_d11631
008 190921b ||||| |||| 00| 0 eng d
020 _a9789388788748
100 _aGoyal
_97334
245 _aScore Well Mathematics- IX
260 _aNew Delhi
_bGoyal Brothers
_c2019